Curso de Filosofía
Shranjeno v:
| Glavni avtor: | |
|---|---|
| Format: | Knjiga |
| Jezik: | španščina |
| Izdano: |
Buenos Aires
Instituto de Cultura Religiosa Superior
1945
|
| Teme: | |
| Oznake: |
Označite
Brez oznak, prvi označite!
|
MARC
| LEADER | 00000nam a2200000 a 4500 | ||
|---|---|---|---|
| 001 | UCH7287 | ||
| 003 | CL-VaPUC | ||
| 008 | 091109e19450000AG |||||||||||||||||spa|d | ||
| 082 | 0 | 4 | |a 231 |b PON |2 21 |
| 100 | 0 | |a Ponce de León, J. M |e author |9 543714 | |
| 245 | 1 | 0 | |a Curso de Filosofía |
| 300 | |a v | ||
| 942 | |c BK | ||
| 945 | |d 20091109 00:00:00 |a ccalabra | ||
| 260 | |a Buenos Aires |b Instituto de Cultura Religiosa Superior |c 1945 | ||
| 500 | |a v.6: Teodicea | ||
| 650 | 0 | |a Teología cristiana |9 308336 | |
| 650 | 0 | |a Existencia de Dios |9 266954 | |
| 650 | 0 | |a Filosofía cristiana |9 265980 | |
| 650 | 0 | |a Cristianismo |9 257361 | |
| 650 | 0 | |a Metafísica |9 265649 | |
| 650 | 0 | |a Ateísmo |9 265671 | |
| 650 | 7 | |a DIVINIDAD |2 CL-VaPUC |9 399243 | |
| 650 | 7 | |a DOCTRINA RELIGIOSA |2 CL-VaPUC |9 333854 | |
| 583 | |a last modification |c 20091109 00:00:00 |k Rodrigo Vera | ||
| 999 | |c 337944 |d 337942 | ||